রাষ্ট্রচিন্তার ইতিবৃত্ত / (Record no. 37932)
[ view plain ]
| 000 -LEADER | |
|---|---|
| fixed length control field | 01095nam a2200253 a 4500 |
| 001 - CONTROL NUMBER | |
| control field | 37932 |
| 003 - CONTROL NUMBER IDENTIFIER | |
| rucl marc code | BD-RjUL |
| 005 - DATE AND TIME OF LATEST TRANSACTION | |
| control field | 20241029130339.0 |
| 008 - FIXED-LENGTH DATA ELEMENTS--GENERAL INFORMATION | |
| fixed length control field | 150813s1997 ii ||||| b||| 00| 0 ben d |
| 020 ## - INTERNATIONAL STANDARD BOOK NUMBER | |
| International Standard Book Number | 8173812446 |
| 035 ## - SYSTEM CONTROL NUMBER | |
| System control number | (BD-RjUL)38037 |
| 040 ## - CATALOGING SOURCE | |
| Original cataloging agency | BD-RjUL |
| Language of cataloging | eng |
| Transcribing agency | BD-RjUL |
| 041 ## - LANGUAGE CODE | |
| Language code of text/sound track or separate title | eng |
| 082 ## - DEWEY DECIMAL CLASSIFICATION NUMBER | |
| Classification number | 320.5 |
| Author mark and year | DAR 1997 |
| 100 ## - MAIN ENTRY--PERSONAL NAME | |
| Personal name | দাশ, প্রাণগোবিন্দ |
| 9 (RLIN) | 117509 |
| 245 ## - TITLE STATEMENT | |
| Title | রাষ্ট্রচিন্তার ইতিবৃত্ত / |
| Statement of responsibility, etc. | প্রাণগোবিন্দ দাশ |
| 250 ## - EDITION STATEMENT | |
| Edition statement | সংশোধিত নতুন ৩য় সং. |
| 260 ## - PUBLICATION, DISTRIBUTION, ETC. (IMPRINT) | |
| Place of publication, distribution, etc. | কলিকাতা : |
| Name of publisher, distributor, etc. | নিউ সেন্ট্রাল বুক এজেন্সি (প্রা:) লিমিটেড, |
| Date of publication, distribution, etc. | ১৯৯৫, [মুদ্রণ ১৯৯৭] |
| 300 ## - PHYSICAL DESCRIPTION | |
| Pagination | ৮১৪ + পৃ. ; |
| Size | ২২ সেমি. |
| 504 ## - BIBLIOGRAPHY, ETC. NOTE | |
| Bibliography, etc | গ্রন্থপঞ্জী সংযুক্ত । |
| 650 ## - SUBJECT ADDED ENTRY--TOPICAL TERM | |
| Topical term or geographic name as entry element | রাষ্ট্রবিজ্ঞান |
| General subdivision | দর্শন |
| 9 (RLIN) | 117510 |
| Topical term or geographic name as entry element | Political science |
| General subdivision | Philosophy |
| 9 (RLIN) | 117511 |
| 942 ## - ADDED ENTRY ELEMENTS (KOHA) | |
| Source of classification or shelving scheme | Dewey Decimal Classification |
| Koha item type | Books |
| Lost status | Source of classification or shelving scheme | Damaged status | Not for loan | Collection code | Permanent Location | Current Location | Shelving location | Date acquired | Source of acquisition | Cost, normal purchase price | Total Checkouts | Full call number | Date last seen | Date checked out | Copy number | Koha item type |
|---|---|---|---|---|---|---|---|---|---|---|---|---|---|---|---|---|
| Dewey Decimal Classification | Non-fiction | Central Library, University of Rajshahi | Central Library, University of Rajshahi | 22/12/1997 | আলীগড় লাইব্রেরী, রাজশাহী | 250.00 | 28 | B 320.5 DAR 1997 | 12/05/2026 | 29/03/2026 | C-2 | Books | ||||
| Dewey Decimal Classification | Non-fiction | Central Library, University of Rajshahi | Central Library, University of Rajshahi | 22/12/1997 | Rajshahi Books Pavilion | 125.00 | 12 | B 320.5 DAR 1997 | 12/05/2026 | 07/04/2026 | C-3 | Books | ||||
| Dewey Decimal Classification | Not For Loan | Non-fiction | Central Library, University of Rajshahi | Central Library, University of Rajshahi | Reading Room | 22/12/1997 | Aligar Library, Rajshahi | 250.00 | 8 | B 320.5 DAR 1997 | 19/03/2024 | 04/03/2024 | C-1 | Books |